Történelem a speciális alapiskola 8. osztálya számára

Bibliographic Details
Main Author: Mojtová-Bernátová, Kvetoslava, 1954- (Author)
Other Authors: Lacza, Tihamér, 1948- (Translator), Čisárik, Pavel (Illustrator)
Format: Book
Language:Hungarian
PhysicalDescription:133 s. fareb. ilustr. 29 cm
Published: Bratislava Expol pedagogika 2003
ISBN:8089003435
Edition:1. kiad.
Subjects:

MARC

LEADER 00000nam a2200000 a 4500
001 vtls001465827
003 SK-MaSNL
005 20260414034407.0
008 240314s2003 xo ab 0 hun
015 |a SNBA2004/10-05938 
020 |a 8089003435 
035 |a SNK000421132 
040 |a SNK  |b slo  |c SNK  |e AACR2 
041 0 |a hun 
044 |a xo  |c SK 
072 7 |a 93/94  |x Dejiny (všeobecne)  |2 konspekt 
080 |a 37.016:93/94(075)=511.141  |2 2. slo 
080 |a 93/94  |2 1981 
080 |a (075.2)  |2 1981 
100 1 |a Mojtová-Bernátová, Kvetoslava,  |d 1954-  |4 aut  |9 42863 
245 1 0 |a Történelem a speciális alapiskola 8. osztálya számára  |c Kvetoslava Mojtová-Bernátová ; [fordította Tihamér Lacza ; illusztrációk Pavel Čisárik] 
250 |a 1. kiad. 
260 |a Bratislava  |b Expol pedagogika  |c 2003 
300 |a 133 s.  |b fareb. ilustr.  |c 29 cm 
650 0 7 |a dejepis  |x učebnice špec. zákl. škôl (8. roč.) maď.  |2 SNK  |9 737466 
650 0 7 |a dejepis  |2 SNK  |9 4288 
655 7 |a učebnice  |2 SNK  |9 22521 
655 7 |a učebnice špeciálnych základných škôl  |2 SNK  |9 70204 
700 1 |a Lacza, Tihamér,  |d 1948-  |4 trl  |9 100533 
700 1 |a Čisárik, Pavel  |4 ill  |9 43302 
919 |a 80-89003-43-5 
958 |a OP 
958 |a NS 
958 |a NM 
968 |a Mag  |b SLO  |d 37 
999 |c 1160133  |d 1162063 
952 |t P60, <03>, [BOOK], {603}  |a SNK  |b SNK  |y PREZ  |7 0  |p 17A0408432  |o snkSB 67819  |i snkKSP 187/2004  |0 0  |1 0  |4 0  |d 2004-01-09  |l 0  |r 2025-04-16 00:00:00  |w 2026-02-24